000 01453cam a2200349 i 4500
001 17751
003 Mx-PuUPA
005 20250825104149.0
008 140415s2015 mx abd gr 000 0 spa d
020 _a9786070270024
_qrústica
020 _a9786070269875
_qcolección rústica
040 _aMx-PuUPA
_bspa
_cMx-PuUPA
_dMx-PuUPA
_erda
041 _aspa
043 _an-mx--
100 1 _aSuárez Lastra, Manuel,
_917322
_eautor
245 1 0 _aEntre mi casa y mi destino :
_bmovilidad y transporte en México /
_cManuel Suárez Lastra, Genaro Javier Delgado Campos
246 1 3 _aEntre mi casa y mi destino. Movilidad y transporte en México :
_bencuesta nacional de Movilidad y Transporte
250 _aPrimera edición /
_bagosto
264 1 _aMéxico, D.F. :
_bUniversidad Nacional Autónoma de México,
_c2015
300 _a212 páginas :
_bilustraciones, mapas, gráficas ;
_c22 cm
336 _2rdacontent
_atexto
_btxt
337 _2rdamedia
_asin medio
_bn
338 _2rdacarrier
_avolumen
_bnc
490 _aLos mexicanos vistos por sí mismos. Los grandes temas nacionales ;
_v15
650 7 _2armarc
_aTransporte
_xEncuesta
_zMéxico
651 4 _aMéxico
_xCondiciones económicas
_ySiglo XXI
700 1 _aDelgado Campos, Genaro Javier,
_eautor
942 _2ddc
_cLI
_h388.0972
_iS35
999 _c17751
_d17751